| 000 | 00839cam a22002531 4500 | ||
|---|---|---|---|
| 999 |
_c7427 _d7427 |
||
| 001 | 10217220 | ||
| 003 | GBCCL | ||
| 005 | 20241126110628.0 | ||
| 008 | 801031s1946 tnu 000 0 eng | ||
| 010 | _a 46020732 | ||
| 035 | _a(OCoLC)6885561 | ||
| 040 |
_aDLC _cNbU _dDLC |
||
| 042 | _apremarc | ||
| 050 | 0 | 0 |
_aBS2370 _b.C3 |
| 082 |
_a225 _bCAR |
||
| 100 | 1 |
_aCarver, William Owen, _d1868-1954. _913130 |
|
| 245 | 1 | 0 |
_aWhy they wrote the New Testament, _cby William Owen Carver. |
| 260 |
_aNashville, Tenn., _bThe Sunday School Board of the Southern Baptist Convention _c[1946] |
||
| 300 |
_a147 p. _c19 cm. |
||
| 630 | 0 | 0 |
_aBible. _pNew Testament _xCriticism, interpretation, etc. _9338 |
| 710 | 2 |
_aSouthern Baptist Convention. _bSunday School Board. _96027 |
|
| 906 |
_a7 _bcbc _coclcrpl _du _encip _f19 _gy-gencatlg |
||
| 942 |
_2ddc _cBK _01 |
||